| 000 | 01658nam a2200229Ia 4500 | ||
|---|---|---|---|
| 003 | OSt | ||
| 005 | 20210414221633.0 | ||
| 008 | 210310t2011 sp gr 001 0dspa d | ||
| 020 | _a9788499850511 | ||
| 040 |
_aCO-JMCR _cCO-JMCR |
||
| 041 | 0 | _aspa | |
| 082 | 0 | 4 |
_a336.2 / _bR934e _223 |
| 100 | 1 |
_aRuiz-Fajardo Colomer, Ignacio, _914789 _eautor |
|
| 245 | 1 | 0 |
_aEstado fiscal y democracia : _bla agencia tributaria en perspectiva / _cIgnacio Ruiz-Fajardo Colomer |
| 260 |
_aValencia : _bTirant lo Blanch, _c©2011 |
||
| 300 |
_b127 páginas ; _c22 cm. |
||
| 500 | _aIncluye índice de personas citadas y datos biográficos del autor. | ||
| 505 | 0 | _aObjetivos del libro -- España, ejemplo de estado fiscal -- La agencia tributaria, nacimiento y desarrollo -- La agencia tributaria y sus funcionarios -- La agencia tributaria y la corrupción -- La agencia tributaria y sus principales logros -- La agencia tributaria y su agujero negro -- La agencia tributaria y los inspectores de hacienda -- La agencia tributaria y la política -- La agencia tributaria y las comunidades autónomas -- La agencia tributaria y el sueño de independencia -- La agencia tributaria y cuatro posibles reformas | |
| 520 | 3 | _aEn Estado Fiscal y Democracia (La agencia Tributaria en perspectiva) disecciona en profundidad lo que denomina la realidad contextual de la fiscalidad española, enmarcada en el funcionamiento de la Agencia. Lo hace volcando sus conocimientos y su experiencia, al tiempo que narrando múltiples situaciones vividas en primera persona durante su etapa de directivo de la Agencia Tributaria. | |
| 650 | 1 | 4 |
_aImpuestos _914791 _zEspaña |
| 942 |
_2ddc _cBK |
||
| 999 |
_c7562 _d7562 |
||